000 01144nam0a22002891 4500
001 rc\4645732
005 20260406171842.0
021 _aRU
_b68-95632
021 _aRU
_bРг1484-69
035 _a(NLR Aleph) 008410506
090 _a9293446
_c9293446
100 _a20130416d1968 |||y0rusy50 ca
101 0 _arus
102 _aRU
105 _ay z |||||
200 1 _aСовершенствовать работу с пропагандистами
_eМетод. материалы
_eВ помощь кабинетам полит. просвещения
_fДом полит. просвещения МК и МГК КПСС
210 _aМосква
_cБ. и.
_d1968
215 _a47 с.
_d21
300 _aНа обороте тит. л. сост.: В.К. Иванов и А.В. Щипарева
702 1 _aИванов
_bВ.К.
_4220
702 1 _aЩипарева
_bА.В.
_4220
712 0 2 _aМосковский городской дом политического просвещения
_3RU\NLR\AUTH\889939316
_9373502
801 0 _aRU
_bNLR
_gpsbo
801 1 _aRU
_bELAR
_2rusmarc
852 _aNLR
_j69-6/750
942 _cBOOK
980 _aNB